General NBA Trivia #1 - Statistics

General Stats
  • This quiz has been taken 218 times
  • The average score is 7 of 18
Answer Stats
Hint Answer % Correct
This franchise formerly owned by Paul Allen from 1988-2018 is nicknamed "Rip City" Portland Trail Blazers
69%
This former ACC Rookie of the Year at Duke was traded from the Lakers to the Pelicans in 2019 Brandon Ingram
60%
This 3-time NBA Sixth Man of the Year is known for his "shake-and-bake" layup package in 2K Jamal Crawford
56%
This team lost the 2002 Western Conference Finals to the Los Angeles Lakers 4-3 Sacramento Kings
52%
Players drafted by this NBA Franchise have included Dajuan Wagner, Carlos Boozer, and Dion Waiters Cleveland Cavaliers
47%
This franchise plays its home games at FedEx Forum Memphis Grizzlies
46%
Bench players for this championship team included Gary Payton, Antoine Walker, and Jason Williams Miami Heat
43%
This Southeastern Division franchise traces its lineage back to the Chicago Packers founded in 1961 Washington Wizards
43%
He signed a $93M contract with the Orlando Magic in 2000 but appeared in just 200 games for them over 7 seasons Grant Hill
42%
Numbers retired by franchise include #10 for Nate McMillan and #43 for Jack Skima Seattle SuperSonics
42%
This businessman and sometimes-blues-musician is notorious among fans for mismanaging his ownership of the New York Knicks James Dolan
38%
This former #1 overall pick made two NBA Finals with the New Jersey Nets and then a Western Conference Finals with the Denver Nuggets Kenyon Martin
26%
This SG/SF from Ohio State was taken #2 overall by the Sixers in 2010 Evan Turner
23%
This forward from Kansas State was selected #2 behind Derrick Rose in 2008 Michael Beasley
23%
This Knicks player hit a game-winning runner against the Miami Heat in the winner-take-all game 5 in the 1999 Playoffs Allan Houston
22%
This university has produced recent draft picks Brandin Podziemski and Jalen Williams Santa Clara
19%
He shared the 1999-2000 Rookie of the Year award with Steve Francis Elton Brand
16%
This violation often confused for goaltending occurs when a player touches a live ball above the cylinder extending upwards from the rim basket interference
15%
No matching quizzes found
Score Distribution
Percent of People with Each Score
Percentile by Number Answered
Your Score History
You have not taken this quiz